[Event "CAN-op U2400"]
[Site "Montreal CAN"]
[Date "2014.07.20"]
[Round "3"]
[White "Hebert, Jean"]
[Black "Doubleday, William"]
[Result "1-0"]
[WhiteElo "2378"]
[BlackElo "2059"]
[PlyCount "61"]
[GameId "2160767909069734"]
[EventDate "2014.07.19"]
[EventType "swiss"]
[EventRounds "9"]
[EventCountry "CAN"]
[SourceTitle "EXT 2022"]
[Source "ChessBase"]
[SourceDate "2021.10.06"]
[SourceVersion "1"]
[SourceVersionDate "2021.10.06"]
[SourceQuality "1"]

1. Nf3 d5 2. c4 c6 3. d4 Nf6 4. Nc3 e6 5. e3 Nbd7 6. Qc2 Bd6 7. b3 O-O 8. Be2 Qe7 9. O-O b6 10. Bb2 Bb7 11. Rfe1 Rac8 12. Rad1 Rfd8 13. h3 h6 14. e4 dxe4 15. Nxe4 Nxe4 16. Qxe4 Nf6 17. Qe3 c5 18. Ne5 cxd4 19. Bxd4 Bc5 20. Bxc5 Rxc5 21. Rxd8+ Qxd8 22. Rd1 Qe7 23. Qd4 Rc8 24. Bf3 Bxf3 25. Nxf3 g6 26. Ne5 Rc7 27. Rd3 Qc5 28. Qb2 Qe7 29. Rf3 Qd8 30. Nxg6 Nh5 31. Qh8# 1-0

[Event "CAN-op U2400"]
[Site "Montreal CAN"]
[Date "2014.07.21"]
[Round "4"]
[White "Oussedik, Elias"]
[Black "Hebert, Jean"]
[Result "0-1"]
[WhiteElo "2100"]
[BlackElo "2378"]
[PlyCount "78"]
[GameId "2160767909077973"]
[EventDate "2014.07.19"]
[EventType "swiss"]
[EventRounds "9"]
[EventCountry "CAN"]
[SourceTitle "EXT 2022"]
[Source "ChessBase"]
[SourceDate "2021.10.06"]
[SourceVersion "1"]
[SourceVersionDate "2021.10.06"]
[SourceQuality "1"]

1. d4 Nf6 2. c4 e6 3. Nf3 d5 4. e3 a6 5. Nbd2 c5 6. cxd5 exd5 7. b3 cxd4 8. Nxd4 Bb4 9. Bd3 O-O 10. O-O Bg4 11. Be2 Bd7 12. Bb2 Re8 13. a3 Bd6 14. Bf3 Nc6 15. Nxc6 bxc6 16. g3 Qe7 17. Re1 Be5 18. Bxe5 Qxe5 19. b4 a5 20. bxa5 Rxa5 21. Nb3 Raa8 22. Nc5 Bf5 23. a4 Ra5 24. Qc1 Rb8 25. Rd1 h5 26. Nd3 Bxd3 27. Rxd3 Qf5 28. Qd1 Qe5 29. Rc1 Rb4 30. Rxc6 Rbxa4 31. Kg2 h4 32. Rc8+ Kh7 33. Rc1 Qf5 34. Rd4 Rxd4 35. exd4 Ra2 36. Qb3 Ne4 37. Qxa2 h3+ 38. Kf1 Qxf3 39. Qc2 Qg2+ 0-1

[Event "CAN-op U2400"]
[Site "Montreal CAN"]
[Date "2014.07.22"]
[Round "5"]
[White "Hebert, Jean"]
[Black "Fillion, Steve"]
[Result "1-0"]
[WhiteElo "2378"]
[BlackElo "2140"]
[PlyCount "79"]
[GameId "2160767909078001"]
[EventDate "2014.07.19"]
[EventType "swiss"]
[EventRounds "9"]
[EventCountry "CAN"]
[SourceTitle "EXT 2022"]
[Source "ChessBase"]
[SourceDate "2021.10.06"]
[SourceVersion "1"]
[SourceVersionDate "2021.10.06"]
[SourceQuality "1"]

1. Nf3 d5 2. c4 e6 3. b3 Nf6 4. g3 Be7 5. Bg2 O-O 6. O-O c5 7. cxd5 Nxd5 8. Bb2 Nc6 9. d4 cxd4 10. Nxd4 Nxd4 11. Bxd4 Bd7 12. e4 Nb6 13. a4 Bc6 14. Nc3 Bf6 15. Ne2 Bxd4 16. Nxd4 Rc8 17. a5 Nd7 18. Qe2 Qe7 19. Rfc1 Nb8 20. Qe3 a6 21. Nxc6 Nxc6 22. e5 Qd7 23. Rc4 Ne7 24. Rg4 Nf5 25. Qb6 Rc7 26. Rc4 Rfc8 27. Rac1 Rxc4 28. Rxc4 Rxc4 29. bxc4 Qd1+ 30. Bf1 Qd7 31. h3 h5 32. Bg2 Qd1+ 33. Kh2 h4 34. g4 Nd4 35. Qd8+ Kh7 36. Qxh4+ Kg8 37. Qd8+ Kh7 38. Be4+ g6 39. Kg2 Qa1 40. Qf8 1-0

[Event "CAN-op U2400"]
[Site "Montreal CAN"]
[Date "2014.07.23"]
[Round "6"]
[White "Baciu, Diana"]
[Black "Hebert, Jean"]
[Result "0-1"]
[WhiteElo "2294"]
[BlackElo "2378"]
[PlyCount "96"]
[GameId "2160767909078027"]
[EventDate "2014.07.19"]
[EventType "swiss"]
[EventRounds "9"]
[EventCountry "CAN"]
[SourceTitle "EXT 2022"]
[Source "ChessBase"]
[SourceDate "2021.10.06"]
[SourceVersion "1"]
[SourceVersionDate "2021.10.06"]
[SourceQuality "1"]

1. e4 c5 2. Nf3 e6 3. b3 d6 4. Bb2 a6 5. d4 cxd4 6. Nxd4 Nf6 7. Bd3 e5 8. Nf3 Nc6 9. c4 Be7 10. h3 O-O 11. Nc3 h6 12. O-O Nb4 13. Bb1 a5 14. Nb5 Qb6 15. Ba3 Bd7 16. Qe2 Rfc8 17. Bd3 Nh5 18. Bxb4 axb4 19. Qe3 Qxe3 20. fxe3 Bxb5 21. cxb5 Rc3 22. Rfd1 Nf6 23. Kf2 Nd7 24. Bc4 Nc5 25. Nd2 Bg5 26. Nf1 Nxe4+ 27. Kf3 Nc5 28. Rxd6 e4+ 29. Ke2 Rc2+ 30. Rd2 Rxd2+ 31. Nxd2 Bf6 32. Rc1 Rxa2 33. Bxf7+ Kxf7 34. Rxc5 Bc3 35. Rd5 Ke6 36. Rd8 Rb2 37. g3 h5 38. b6 g6 39. Kd1 Bxd2 40. Rxd2 Rxb3 41. Ke2 Rd3 42. Rc2 b3 43. Rc4 Kd5 44. Rc1 b2 45. Rb1 Rb3 46. Kd2 Kc4 47. g4 hxg4 48. hxg4 g5 0-1

[Event "CAN-op U2400"]
[Site "Montreal CAN"]
[Date "2014.07.24"]
[Round "7"]
[White "Hebert, Jean"]
[Black "Ivanov, Mike"]
[Result "1-0"]
[WhiteElo "2378"]
[BlackElo "2137"]
[PlyCount "155"]
[GameId "2160767909078084"]
[EventDate "2014.07.19"]
[EventType "swiss"]
[EventRounds "9"]
[EventCountry "CAN"]
[SourceTitle "EXT 2022"]
[Source "ChessBase"]
[SourceDate "2021.10.06"]
[SourceVersion "1"]
[SourceVersionDate "2021.10.06"]
[SourceQuality "1"]

1. d4 Nf6 2. c4 c5 3. d5 g6 4. Nc3 Bg7 5. e4 O-O 6. Nf3 e6 7. Nd2 d6 8. Be2 Na6 9. O-O Nc7 10. Re1 Rb8 11. Nf1 a6 12. a4 e5 13. Bg5 h6 14. Bh4 Bd7 15. a5 b5 16. axb6 Rxb6 17. Qc2 Qb8 18. Reb1 Qb7 19. f3 Rb8 20. Bd1 Nh5 21. Be1 Nf4 22. Ra2 Qc8 23. g3 Nh3+ 24. Kh1 f5 25. Qg2 Ng5 26. h4 Nh7 27. g4 Qd8 28. Ne3 fxg4 29. fxg4 Qf6 30. Ne2 Rf8 31. Kg1 Rb7 32. Bc2 Qf7 33. Bg3 Nf6 34. Rf1 Qe7 35. Be1 Nh7 36. Rxf8+ Qxf8 37. Bd1 Bf6 38. Nc1 Qd8 39. Qh2 Be7 40. b3 Nf6 41. Bf3 Rb8 42. Rg2 Nfe8 43. Qg3 Ra8 44. g5 h5 45. Ba5 Rb8 46. Rb2 Rb7 47. Bd1 Qb8 48. Nd3 Ng7 49. Bc3 Qe8 50. Rf2 Ra7 51. Bc2 a5 52. Nxc5 dxc5 53. Bxe5 Na6 54. Bxg7 Kxg7 55. e5 Bc8 56. e6 Bd8 57. Qe5+ Kg8 58. Rf6 Rg7 59. Be4 Bb7 60. d6 Bxe4 61. Qxe4 Nb4 62. Qa8 Nc6 63. Nd5 Kh7 64. e7 Nxe7 65. dxe7 Rxe7 66. Nxe7 Qxe7 67. Rf2 Bc7 68. Qf3 Kg8 69. Kg2 Bd6 70. Re2 Qd7 71. Qe4 Kg7 72. Qe6 Qc6+ 73. Qd5 Qc7 74. Re6 Bh2 75. Qf3 Kh7 76. Rc6 Qb8 77. Qf7+ Kh8 78. Qf6+ 1-0

[Event "CAN-op U2400"]
[Site "Montreal CAN"]
[Date "2014.07.25"]
[Round "8"]
[White "Hebert, Jean"]
[Black "Klenburg, Mikhail"]
[Result "1/2-1/2"]
[WhiteElo "2378"]
[BlackElo "2368"]
[PlyCount "47"]
[GameId "2160767909078130"]
[EventDate "2014.07.19"]
[EventType "swiss"]
[EventRounds "9"]
[EventCountry "CAN"]
[SourceTitle "EXT 2022"]
[Source "ChessBase"]
[SourceDate "2021.10.06"]
[SourceVersion "1"]
[SourceVersionDate "2021.10.06"]
[SourceQuality "1"]

1. d4 Nf6 2. c4 d6 3. Nf3 Nbd7 4. Nc3 e5 5. g3 Be7 6. Bg2 O-O 7. O-O c6 8. Qc2 Qc7 9. h3 Re8 10. Be3 Bf8 11. Rfd1 exd4 12. Nxd4 Rxe3 13. fxe3 Ne5 14. b3 Bd7 15. Rf1 Qd8 16. Nf3 Qa5 17. Rad1 Re8 18. Qd2 Qc7 19. Nd4 Bc8 20. Nf5 Re6 21. Nd4 Re8 22. Nf5 Re6 23. Nd4 Re8 24. Nf5 1/2-1/2

[Event "CAN-op U2400"]
[Site "Montreal CAN"]
[Date "2014.07.26"]
[Round "9"]
[White "Kraiouchkine, Nikita"]
[Black "Hebert, Jean"]
[Result "1/2-1/2"]
[WhiteElo "2232"]
[BlackElo "2378"]
[PlyCount "57"]
[GameId "2160767909078166"]
[EventDate "2014.07.19"]
[EventType "swiss"]
[EventRounds "9"]
[EventCountry "CAN"]
[SourceTitle "EXT 2022"]
[Source "ChessBase"]
[SourceDate "2021.10.06"]
[SourceVersion "1"]
[SourceVersionDate "2021.10.06"]
[SourceQuality "1"]

1. d4 Nf6 2. Nf3 e6 3. e3 b6 4. Bd3 Bb7 5. b3 d5 6. Bb2 Bd6 7. O-O O-O 8. c4 Nbd7 9. Ne5 a6 10. Nd2 Ne4 11. Nxd7 Qxd7 12. f3 Nxd2 13. Qxd2 f5 14. Qe2 Qe7 15. f4 dxc4 16. Bxc4 b5 17. Bd3 Bd5 18. Rac1 Qd7 19. g3 Rac8 20. e4 fxe4 21. Bxe4 c6 22. Rfe1 Rfe8 23. Qg4 Qf7 24. Re2 Rc7 25. Rce1 Bb4 26. Rc1 Bd6 27. Rce1 Bb4 28. Rc1 Bd6 29. Rce1 1/2-1/2

[Event "Outaouais op (TORO)"]
[Site "Gatineau CAN"]
[Date "2014.06.06"]
[Round "1"]
[White "Dumont, Felix"]
[Black "Hebert, Jean"]
[Result "0-1"]
[WhiteElo "2083"]
[BlackElo "2448"]
[PlyCount "80"]
[GameId "2160767909095013"]
[EventDate "2014.06.06"]
[EventType "swiss"]
[EventRounds "5"]
[EventCountry "CAN"]
[SourceTitle "EXT 2015"]
[Source "ChessBase"]
[SourceDate "2014.11.20"]
[SourceVersion "1"]
[SourceVersionDate "2014.11.20"]
[SourceQuality "1"]

1. e4 c5 2. Nf3 e6 3. b3 Nc6 4. Bb2 d6 5. d4 cxd4 6. Nxd4 e5 7. Nf3 Nf6 8. Nc3 Be7 9. Bc4 O-O 10. O-O a6 11. a4 Bg4 12. h3 Be6 13. Bxe6 fxe6 14. Qe2 Nh5 15. g3 Qe8 16. Qe3 Qg6 17. Ne2 Rf7 18. Kh2 Raf8 19. Neg1 d5 20. exd5 exd5 21. Nxe5 Qxc2 22. Nxf7 Qxb2 23. g4 Rxf7 24. gxh5 Qf6 25. Ne2 d4 26. Qd2 Qf3 27. Ng3 Bd6 28. Qd1 Qd5 29. Rc1 Rf3 30. Qe2 d3 31. Qe8+ Rf8 32. Qe3 Nd4 33. f4 Nxb3 34. Rcd1 Nc5 35. h6 g6 36. Rd2 g5 37. Nh5 gxf4 38. Nxf4 Kh8 39. Rg2 Qe5 40. Qd2 Rxf4 0-1

[Event "Outaouais op (TORO)"]
[Site "Gatineau CAN"]
[Date "2014.06.07"]
[Round "2"]
[White "Hebert, Jean"]
[Black "Zhou, Qiyu"]
[Result "1-0"]
[WhiteElo "2448"]
[BlackElo "2262"]
[PlyCount "93"]
[GameId "2160767909095023"]
[EventDate "2014.06.06"]
[EventType "swiss"]
[EventRounds "5"]
[EventCountry "CAN"]
[SourceTitle "EXT 2015"]
[Source "ChessBase"]
[SourceDate "2014.11.20"]
[SourceVersion "1"]
[SourceVersionDate "2014.11.20"]
[SourceQuality "1"]

1. c4 e5 2. Nc3 Nf6 3. Nf3 Nc6 4. e3 d6 5. d4 Bg4 6. Be2 Be7 7. h3 Bf5 8. d5 Nb8 9. Nd2 h6 10. O-O O-O 11. e4 Bh7 12. Bd3 Nbd7 13. Bc2 a5 14. a3 Ne8 15. Nf3 g5 16. Nh2 Bf6 17. Rb1 Bg7 18. Ng4 Nef6 19. Ne3 Nc5 20. f3 b6 21. b4 Ncd7 22. g4 Qe7 23. Ba4 Nb8 24. Ne2 Nfd7 25. Ng3 f6 26. Rf2 Bg6 27. Nef5 Qd8 28. Be3 Rf7 29. h4 Bf8 30. Bc6 Ra7 31. Rfb2 axb4 32. axb4 Bg7 33. Ra1 Nxc6 34. dxc6 Rxa1 35. Qxa1 Nf8 36. Ra2 Qe8 37. b5 Qe6 38. Qc1 Bxf5 39. exf5 Qe8 40. Ne4 Re7 41. hxg5 hxg5 42. Qd2 Qf7 43. Qd5 Nh7 44. Ra7 Bf8 45. Nxd6 cxd6 46. Rxe7 Bxe7 47. c7 1-0

[Event "Outaouais op (TORO)"]
[Site "Gatineau CAN"]
[Date "2014.06.07"]
[Round "3"]
[White "Qin, Zi Yi (Joey)"]
[Black "Hebert, Jean"]
[Result "1-0"]
[WhiteElo "2431"]
[BlackElo "2448"]
[PlyCount "81"]
[GameId "2160767909095031"]
[EventDate "2014.06.06"]
[EventType "swiss"]
[EventRounds "5"]
[EventCountry "CAN"]

1. e4 e6 2. d4 d5 3. Nd2 Be7 4. Bd3 Nc6 5. c3 dxe4 6. Nxe4 e5 7. dxe5 Nxe5 8. Bb5+ c6 9. Qxd8+ Kxd8 10. Be2 Nf6 11. Ng5 h6 12. Bf4 hxg5 13. Bxe5 Ke8 14. Nf3 g4 15. Nd4 a6 16. O-O-O Ne4 17. Rhf1 f6 18. Bf4 g5 19. Bc7 c5 20. Nb3 Be6 21. f3 Rc8 22. Bb6 gxf3 23. Bxf3 f5 24. h3 Bxb3 25. axb3 Rh6 26. Ba5 b6 27. Bxb6 Rxb6 28. Bh5+ Kf8 29. Rxf5+ Rf6 30. Re5 Nd6 31. Rxg5 Rf2 32. Rg6 Rd8 33. Bf3 a5 34. Rd5 Rb8 35. Rxc5 Nf7 36. Rh5 Bd6 37. Rxd6 Rxb3 38. Rd2 Rxd2 39. Kxd2 Rxb2+ 40. Kc1 Ra2 41. Rf5 1-0

[Event "Outaouais op (TORO)"]
[Site "Gatineau CAN"]
[Date "2014.06.08"]
[Round "4"]
[White "Hebert, Jean"]
[Black "Djerkovic, Miladin"]
[Result "1-0"]
[WhiteElo "2448"]
[BlackElo "2242"]
[PlyCount "51"]
[GameId "2160767909095037"]
[EventDate "2014.06.06"]
[EventType "swiss"]
[EventRounds "5"]
[EventCountry "CAN"]
[SourceTitle "EXT 2015"]
[Source "ChessBase"]
[SourceDate "2014.11.20"]
[SourceVersion "1"]
[SourceVersionDate "2014.11.20"]
[SourceQuality "1"]

1. c4 Nf6 2. Nc3 e6 3. d4 Bb4 4. e3 c5 5. Nge2 b6 6. a3 Ba5 7. Rb1 Na6 8. Bd2 Bb7 9. f3 O-O 10. d5 exd5 11. cxd5 b5 12. Nxb5 Nxd5 13. Kf2 Bxd2 14. Qxd2 Qb6 15. Ng3 Rfe8 16. e4 Nac7 17. exd5 Nxb5 18. Bc4 Nd6 19. b3 a5 20. Qf4 Ba6 21. Rhc1 Rab8 22. Nh5 Rec8 23. Qg5 Ne8 24. Re1 g6 25. Bxa6 Qxa6 26. Qh6 1-0

[Event "Outaouais op (TORO)"]
[Site "Gatineau CAN"]
[Date "2014.06.08"]
[Round "5"]
[White "Sambuev, Bator"]
[Black "Hebert, Jean"]
[Result "0-1"]
[WhiteElo "2589"]
[BlackElo "2448"]
[PlyCount "118"]
[GameId "2160767909095043"]
[EventDate "2014.06.06"]
[EventType "swiss"]
[EventRounds "5"]
[EventCountry "CAN"]
[SourceTitle "EXT 2015"]
[Source "ChessBase"]
[SourceDate "2014.11.20"]
[SourceVersion "1"]
[SourceVersionDate "2014.11.20"]
[SourceQuality "1"]

1. d4 Nf6 2. Nf3 e6 3. e3 b6 4. Bd3 Bb7 5. O-O d5 6. b3 Bd6 7. Bb2 O-O 8. c4 Nbd7 9. Nc3 a6 10. Rc1 dxc4 11. bxc4 e5 12. Bf5 Re8 13. Nd2 exd4 14. exd4 Bf4 15. g3 Bxd2 16. Qxd2 Ne5 17. Qf4 Qxd4 18. Rfd1 Qxf4 19. gxf4 Nf3+ 20. Kf1 Nxh2+ 21. Kg1 Nf3+ 22. Kf1 Rad8 23. Rxd8 Rxd8 24. Nd5 Nxd5 25. cxd5 Bxd5 26. Rxc7 Bxa2 27. Ke2 Bd5 28. Bc8 a5 29. f5 Re8+ 30. Kd3 b5 31. f6 Bc4+ 32. Kc2 Re2+ 33. Kc1 Ne5 34. Bd4 gxf6 35. Bf5 Kg7 36. Kd1 Nf3 37. Be3 Re1+ 38. Kc2 a4 39. Ra7 h5 40. Ra8 Be6 41. Be4 Ne5 42. Kd2 Rf1 43. Bc5 Nd7 44. Bd3 Nxc5 45. Bxf1 b4 46. Kc2 a3 47. Kb1 Ne4 48. Bg2 Nd2+ 49. Ka1 b3 50. Rxa3 b2+ 51. Kxb2 Nc4+ 52. Kb3 Nxa3+ 53. Kxa3 Kg6 54. Kb4 Kf5 55. Kc3 Kf4 56. Kd2 h4 57. Ke2 h3 58. Bc6 Bg4+ 59. f3 Bd7 0-1

[Event "Sherbrooke op"]
[Site "Sherbrooke CAN"]
[Date "2014.05.24"]
[Round "3"]
[White "Larochelle, Martial"]
[Black "Hebert, Jean"]
[Result "0-1"]
[WhiteElo "2188"]
[BlackElo "2439"]
[PlyCount "100"]
[GameId "2160767909103546"]
[EventDate "2014.05.23"]
[EventType "swiss"]
[EventRounds "5"]
[EventCountry "CAN"]

1. d4 d5 2. c4 c6 3. Nf3 e6 4. Bg5 Nf6 5. e3 Nbd7 6. Nc3 Qa5 7. cxd5 Nxd5 8. Qd2 Bb4 9. Rc1 O-O 10. Bd3 h6 11. Bh4 e5 12. dxe5 Nxc3 13. bxc3 Ba3 14. Rb1 Nxe5 15. Nxe5 Qxe5 16. O-O Bc5 17. e4 b6 18. Kh1 Qh5 19. Bg3 Be6 20. Qc2 Rad8 21. Rbd1 f6 22. Be2 Qf7 23. c4 Bd4 24. f3 c5 25. Bd3 Qe8 26. f4 Bd7 27. Rde1 Ba4 28. Qb1 Qe6 29. e5 f5 30. Bf2 Bxf2 31. Rxf2 Bc6 32. Kg1 h5 33. Re3 Rd4 34. h3 h4 35. Kh2 g6 36. g3 hxg3+ 37. Rxg3 Kf7 38. Qg1 Rh8 39. Bf1 Rh4 40. Bg2 Rhxf4 41. Rxf4 Rxf4 42. Bxc6 Qxc6 43. Rd3 Rxc4 44. Qd1 Rd4 45. Rxd4 cxd4 46. Qxd4 Ke6 47. Qd8 Kxe5 48. Qe7+ Kf4 49. Qh4+ Kf3 50. Qg3+ Ke2 0-1

[Event "Mauricie op"]
[Site "Trois-Rivieres CAN"]
[Date "2014.03.14"]
[Round "1"]
[White "Hebert, Jean"]
[Black "Poulin, Mathieu"]
[Result "1-0"]
[WhiteElo "2430"]
[BlackElo "2055"]
[PlyCount "57"]
[GameId "2160767909120804"]
[EventDate "2014.03.14"]
[EventType "swiss"]
[EventRounds "5"]
[EventCountry "CAN"]
[SourceTitle "EXT 2015"]
[Source "ChessBase"]
[SourceDate "2014.11.20"]
[SourceVersion "1"]
[SourceVersionDate "2014.11.20"]
[SourceQuality "1"]

1. Nf3 d5 2. g3 Nf6 3. Bg2 e6 4. O-O Be7 5. d3 O-O 6. Nbd2 d4 7. c3 Nc6 8. Nc4 Re8 9. Qc2 a5 10. a4 Bc5 11. cxd4 Nxd4 12. Nxd4 Bxd4 13. e3 Bc5 14. d4 Bb4 15. Rd1 Qe7 16. e4 Nd7 17. Bf4 c6 18. e5 Ra6 19. h4 b5 20. Nd6 Bxd6 21. exd6 Qf6 22. Bxc6 b4 23. Rac1 Rf8 24. Bg5 Qg6 25. Be7 Re8 26. Bb5 Qxc2 27. Rxc2 Ra7 28. Rdc1 Ba6 29. Rc7 1-0

[Event "Mauricie op"]
[Site "Trois-Rivieres CAN"]
[Date "2014.03.15"]
[Round "2"]
[White "Wan, Kevin"]
[Black "Hebert, Jean"]
[Result "0-1"]
[WhiteElo "2016"]
[BlackElo "2430"]
[PlyCount "60"]
[GameId "2160767909120819"]
[EventDate "2014.03.14"]
[EventType "swiss"]
[EventRounds "5"]
[EventCountry "CAN"]
[SourceTitle "EXT 2015"]
[Source "ChessBase"]
[SourceDate "2014.11.20"]
[SourceVersion "1"]
[SourceVersionDate "2014.11.20"]
[SourceQuality "1"]

1. e4 c5 2. Nf3 Nc6 3. c3 e6 4. d4 d5 5. exd5 exd5 6. Be3 c4 7. b3 cxb3 8. axb3 Bd6 9. Bd3 Nge7 10. Qc2 h6 11. Nbd2 O-O 12. Nh4 Qc7 13. g3 Bh3 14. f4 Kh8 15. Kf2 Rac8 16. Rhc1 Ng8 17. Ndf3 Nf6 18. Ne5 Bxe5 19. fxe5 Ng4+ 20. Kf3 Nxe3 21. Kxe3 Qb6 22. Nf3 f6 23. exf6 Rxf6 24. Be2 Bg4 25. Qd1 Re8+ 26. Kd2 Rfe6 27. Bf1 Re3 28. Bg2 Nxd4 29. cxd4 Qb4+ 30. Kc2 Qxb3+ 0-1

[Event "Mauricie op"]
[Site "Trois-Rivieres CAN"]
[Date "2014.03.16"]
[Round "3"]
[White "Hebert, Jean"]
[Black "Djerkovic, Miladin"]
[Result "1-0"]
[WhiteElo "2430"]
[BlackElo "2234"]
[PlyCount "75"]
[GameId "2160767909120827"]
[EventDate "2014.03.14"]
[EventType "swiss"]
[EventRounds "5"]
[EventCountry "CAN"]
[SourceTitle "hb 2014"]

1. d4 Nf6 2. Nf3 e6 3. e3 c5 4. Bd3 Nc6 5. O-O d5 6. b3 Bd6 7. Bb2 O-O 8. Nbd2 Qc7 9. c4 cxd4 10. exd4 dxc4 11. bxc4 Be7 12. Rc1 Rd8 13. Re1 Qa5 14. Bb1 Ba3 15. Nb3 Qa4 16. Qe2 Bxb2 17. Qxb2 b6 18. a3 Ba6 19. Nbd2 Rac8 20. Bc2 Qa5 21. Bd3 Qh5 22. Ne4 Qh6 23. Bb1 Na5 24. c5 Nxe4 25. Rxe4 Nc4 26. Qc3 bxc5 27. dxc5 Rxc5 28. Rce1 Qf6 29. Qb4 Rdc8 30. h3 Qd8 31. Rd4 Qa5 32. Red1 g6 33. Bd3 Nxa3 34. Bxa6 Qxa6 35. Rd8+ Kg7 36. Rxc8 Qxc8 37. Ra1 Rc4 38. Qb2+ 1-0

[Event "Mauricie op"]
[Site "Trois-Rivieres CAN"]
[Date "2014.03.16"]
[Round "4"]
[White "Sambuev, Bator"]
[Black "Hebert, Jean"]
[Result "1-0"]
[WhiteElo "2597"]
[BlackElo "2430"]
[PlyCount "121"]
[GameId "2160767909120834"]
[EventDate "2014.03.14"]
[EventType "swiss"]
[EventRounds "5"]
[EventCountry "CAN"]
[SourceTitle "hb 2014"]

1. d4 Nf6 2. Nf3 e6 3. e3 b6 4. Bd3 Bb7 5. O-O d5 6. b3 Bd6 7. Bb2 O-O 8. c4 Nbd7 9. Nc3 a6 10. Rc1 Qe7 11. cxd5 exd5 12. Ne2 Ne4 13. Ng3 f5 14. Qc2 c5 15. Rfe1 Qe6 16. Qe2 Ndf6 17. Nh4 Nxg3 18. hxg3 Ne4 19. Nf3 Ra7 20. a4 a5 21. Red1 Raa8 22. Qe1 Qh6 23. dxc5 bxc5 24. Be5 Rfe8 25. Bf4 Qf6 26. Bxd6 Qxd6 27. Bc4 Red8 28. Bb5 Qf6 29. Rd3 h6 30. Qd1 Kh7 31. Nh4 Rf8 32. Bd7 g6 33. Nf3 Rf7 34. Bb5 g5 35. Rc2 Re7 36. Qc1 Rc8 37. Nd2 f4 38. exf4 gxf4 39. Rf3 Ng5 40. Rxf4 Qe5 41. Bd3+ Kg7 42. Nf1 Qe1 43. Qb2+ d4 44. Rc1 Qe5 45. Rf5 Qd6 46. g4 Be4 47. Bxe4 Nxe4 48. Ne3 Kg8 49. Nc4 Qg6 50. Rf4 Rce8 51. Nd2 Nc3 52. Rxc3 dxc3 53. Qxc3 Re1+ 54. Kh2 Qd6 55. g3 Qd5 56. Nf3 R1e2 57. Kg2 R2e4 58. Rf5 Qe6 59. Ng5 Qxf5 60. gxf5 hxg5 61. Qf6 1-0

[Event "Mauricie op"]
[Site "Trois-Rivieres CAN"]
[Date "2014.03.16"]
[Round "5"]
[White "Hebert, Jean"]
[Black "Lawson, Eric"]
[Result "1-0"]
[WhiteElo "2430"]
[BlackElo "2384"]
[PlyCount "55"]
[GameId "2160767909120837"]
[EventDate "2014.03.14"]
[EventType "swiss"]
[EventRounds "5"]
[EventCountry "CAN"]
[SourceTitle "hb 2014"]

1. d4 Nf6 2. Nf3 b6 3. c4 e6 4. a3 c5 5. d5 exd5 6. cxd5 d6 7. Nc3 g6 8. e4 Bg7 9. Bb5+ Bd7 10. Bd3 O-O 11. h3 b5 12. O-O Re8 13. Re1 Qb6 14. Be3 a5 15. Nd2 a4 16. Qe2 Ra5 17. Qf3 Bc8 18. Bxb5 Rxb5 19. Nc4 Qa6 20. Nxb5 Qxb5 21. Nxd6 Qb6 22. Nxe8 Nxe8 23. Bxc5 Qxc5 24. Rec1 Nd7 25. Rxc5 Nxc5 26. Rc1 Bd4 27. Rxc5 Bxc5 28. Qc3 1-0

[Event "Gatineau op"]
[Site "Gatineau CAN"]
[Date "2014.01.28"]
[Round "1"]
[White "Hebert, Jean"]
[Black "Desjardins, Michel"]
[Result "1-0"]
[WhiteElo "2431"]
[BlackElo "1971"]
[PlyCount "57"]
[GameId "2160767909149732"]
[EventDate "2014.02.28"]
[EventType "swiss"]
[EventRounds "5"]
[EventCountry "CAN"]
[SourceTitle "EXT 2015"]
[Source "ChessBase"]
[SourceDate "2014.11.20"]
[SourceVersion "1"]
[SourceVersionDate "2014.11.20"]
[SourceQuality "1"]

1. Nf3 d5 2. c4 d4 3. e3 c5 4. exd4 cxd4 5. g3 Nc6 6. d3 e5 7. Bg2 Bd6 8. O-O Nf6 9. b4 O-O 10. b5 Nb8 11. Re1 Re8 12. Bg5 Nbd7 13. Nbd2 h6 14. Bxf6 Nxf6 15. Rb1 Nd7 16. Ne4 Bf8 17. g4 Rb8 18. h3 b6 19. g5 hxg5 20. Nfxg5 g6 21. Qg4 Be7 22. Ne6 fxe6 23. Qxg6+ Kh8 24. Qh6+ Kg8 25. Qxe6+ Kg7 26. Ng3 Bg5 27. Nf5+ Kh8 28. Qg6 Qf6 29. Qh5+ 1-0

[Event "Gatineau op"]
[Site "Gatineau CAN"]
[Date "2014.03.01"]
[Round "2"]
[White "Adriaanse, Adam"]
[Black "Hebert, Jean"]
[Result "0-1"]
[WhiteElo "2097"]
[BlackElo "2431"]
[PlyCount "108"]
[GameId "2160767909149741"]
[EventDate "2014.02.28"]
[EventType "swiss"]
[EventRounds "5"]
[EventCountry "CAN"]
[SourceTitle "EXT 2015"]
[Source "ChessBase"]
[SourceDate "2014.11.20"]
[SourceVersion "1"]
[SourceVersionDate "2014.11.20"]
[SourceQuality "1"]

1. e4 e6 2. Nf3 d5 3. exd5 exd5 4. d4 Bd6 5. Bd3 Ne7 6. O-O O-O 7. b3 Ng6 8. Re1 Nd7 9. Bb2 c6 10. Nbd2 Nf4 11. Bf1 Nf6 12. Ne5 a5 13. c4 dxc4 14. Nexc4 Bb4 15. a3 Bxd2 16. Qxd2 N6d5 17. Rac1 Qg5 18. Kh1 Qd8 19. g3 Ng6 20. Bg2 a4 21. b4 Be6 22. Na5 Qd7 23. Qc2 Nge7 24. Nc4 f6 25. Qe4 Bf7 26. Nb6 Nxb6 27. Qxe7 Rfd8 28. b5 cxb5 29. Bxb7 Bd5+ 30. Bxd5+ Nxd5 31. Qxd7 Rxd7 32. Rc5 Rb8 33. Bc3 Kf7 34. Rb1 Nxc3 35. Rxc3 Rxd4 36. Rc5 g5 37. Kg2 b4 38. axb4 Rbxb4 39. Rbc1 a3 40. Ra5 Ra4 41. Rc7+ Ke6 42. Rca7 Rxa5 43. Rxa5 Rd3 44. Kf1 Rc3 45. Ke1 Rb3 46. h3 Rb1+ 47. Kd2 Rb2+ 48. Kc1 Rxf2 49. Rxa3 h5 50. g4 hxg4 51. hxg4 Ke5 52. Rg3 Rf1+ 53. Kd2 Kf4 54. Rg2 Kf3 0-1

[Event "Gatineau op"]
[Site "Gatineau CAN"]
[Date "2014.03.01"]
[Round "3"]
[White "Hebert, Jean"]
[Black "De Kerpel, Stijn"]
[Result "1-0"]
[WhiteElo "2431"]
[BlackElo "2227"]
[PlyCount "69"]
[GameId "2160767909149760"]
[EventDate "2014.02.28"]
[EventType "swiss"]
[EventRounds "5"]
[EventCountry "CAN"]
[SourceTitle "EXT 2015"]
[Source "ChessBase"]
[SourceDate "2014.11.20"]
[SourceVersion "1"]
[SourceVersionDate "2014.11.20"]
[SourceQuality "1"]

1. Nf3 Nf6 2. c4 e6 3. d4 Bb4+ 4. Nbd2 O-O 5. e3 d6 6. Be2 Nc6 7. O-O Bxd2 8. Nxd2 e5 9. d5 Ne7 10. b3 c6 11. dxc6 bxc6 12. Bb2 Ng6 13. Qc2 Qe7 14. Rac1 Bb7 15. Rfe1 Rac8 16. Nf1 d5 17. Ng3 Qe6 18. Qf5 a5 19. Bd3 e4 20. Be2 Ne7 21. Qe5 Ng6 22. Qc3 Ra8 23. h3 Ba6 24. Bg4 Qd6 25. Nf5 Qd8 26. Red1 Bc8 27. cxd5 Bxf5 28. Bxf5 cxd5 29. Bxe4 Rc8 30. Qxc8 Qxc8 31. Rxc8 Rxc8 32. Bf5 Rc5 33. Bd4 Rb5 34. Rc1 Ne7 35. Rc7 1-0